000 00341cam a22001217a 4500
008 180718b2005 xxu||||| |||| 00| 0 eng d
020 _a8173917396
082 _aB3x54 C347g
245 _aGovernance at grassroots level in India
_cEdited by S.S Chahar
260 _aNew Delhi
_bKanishka publisher
_c2005
300 _a420
700 _aChahar,S.S
999 _c503773
_d503773